Statistics for Railway Stations in Suffolk (UK)

Click here to take the quiz!

General Stats

  • This quiz has been taken 39 times
  • The average score is 13 of 25

Answer Stats

Next Out-of-
County Station
Answer% Correct
ManningtreeIpswich
97%
KennettBury St Edmunds
90%
HaddiscoeLowestoft
84%
DissStowmarket
81%
-none-Felixstowe
77%
DullinghamNewmarket
71%
-none-Saxmundham
58%
-none-Beccles
55%
DissNeedham Market
55%
BuresSudbury
55%
-none-Woodbridge
52%
-none-Derby Road
45%
-none-Oulton Broad South
45%
-none-Trimley
45%
-none-Westerfield
45%
-none-Halesworth
42%
-none-Melton
42%
HaddiscoeOulton Broad North
42%
KennettThurston
42%
-none-Wickham Market
42%
KennettElmswell
39%
BrandonLakenheath
39%
HaddiscoeSomerleyton
35%
-none-Brampton
32%
-none-Darsham
32%

Score Distribution

Percentile by Number Answered

Percent of People with Each Score

Your Score History

You have not taken this quiz